000
00237nam a22000977a 4500
003
SGT
245
_a
INTERNATIONAL JOURNAL OF APPLIED ENGINEERING RESEARCH
260
_b
RIP RESEARCH INDIAN PUBLISHER
_c
2019
300
_a
600
942
_2
ddc
_c
BV
999
_c
29109
_d
29109